[Event "European Youth Chess Championship G18"]
[Site "Prague, Top Hotel Prague"]
[Date "2012.08.17"]
[Round "1.1"]
[White "Goryachkina, Aleksandra"]
[Black "Vatkali, Dimitra"]
[Result "1-0"]
[WhiteElo "2361"]
[BlackElo "1936"]
[PlyCount "69"]
[EventDate "2012.08.17"]

1. d4 Nf6 2. c4 e6 3. Nf3 Bb4+ 4. Nbd2 O-O 5. a3 Bxd2+ 6. Qxd2 Ne4 7. Qc2 f5 8.
e3 b6 9. Be2 Bb7 10. O-O d6 11. b4 Nd7 12. Ne1 Qh4 13. f3 Ng5 14. c5 dxc5 15.
dxc5 bxc5 16. bxc5 Bd5 17. Bb2 Rab8 18. Nd3 Rb3 19. c6 Nb6 20. Bd4 Rxd3 21.
Bxd3 Re8 22. a4 e5 23. Bxb6 axb6 24. Bxf5 e4 25. fxe4 Nxe4 26. Rf4 Qe7 27. Bxe4
Bxe4 28. Qc4+ Kh8 29. Qf7 Qxf7 30. Rxf7 Bxc6 31. Rxc7 Bd5 32. Rb1 g5 33. Rb5
Be4 34. Rxb6 Bg6 35. a5 1-0

[Event "European Youth Chess Championship G18"]
[Site "Prague, Top Hotel Prague"]
[Date "2012.08.17"]
[Round "1.2"]
[White "Balzano, Filli"]
[Black "Aranaz Murillo, Amalia"]
[Result "0-1"]
[WhiteElo "1916"]
[BlackElo "2237"]
[PlyCount "158"]
[EventDate "2012.08.17"]

1. e4 e6 2. d4 d5 3. e5 c5 4. c3 Qb6 5. Nf3 Nc6 6. a3 Nh6 7. b4 cxd4 8. Bxh6
gxh6 9. cxd4 Bd7 10. Ra2 Rc8 11. Rc2 Be7 12. Be2 a5 13. b5 Na7 14. Rxc8+ Nxc8
15. Qc2 O-O 16. Qb2 f6 17. O-O fxe5 18. Nxe5 Be8 19. Nd2 Nd6 20. a4 Bf6 21.
Ndf3 Bg7 22. Rc1 Ne4 23. Rf1 Ng5 24. Qd2 Nf7 25. Nxf7 Rxf7 26. Rd1 Rc7 27. Ne5
Bxe5 28. dxe5 Bg6 29. Rc1 Kg7 30. h3 Rc5 31. Qf4 Qc7 32. Rxc5 Qxc5 33. Qf6+ Kg8
34. Qxe6+ Bf7 35. Qg4+ Bg6 36. Qe6+ Bf7 37. Qxh6 Qc3 38. Qg5+ Kf8 39. Qd8+ Kg7
40. Qg5+ Kf8 41. Qd8+ Kg7 42. Qf6+ Kg8 43. Bg4 h5 44. Be6 Bxe6 45. Qxe6+ Kg7
46. Qf6+ Kg8 47. Qg5+ Kf8 48. Qf5+ Ke7 49. Qg5+ Ke8 50. Qxh5+ Ke7 51. Qh4+ Ke8
52. Qh5+ Ke7 53. Qg5+ Ke8 54. Qg6+ Ke7 55. Qf6+ Ke8 56. Qf4 d4 57. e6 Ke7 58.
Qf7+ Kd6 59. Qf6 Qe1+ 60. Kh2 d3 61. Qd4+ Kxe6 62. Qxd3 Qxf2 63. Qb3+ Ke7 64.
Qf3 Qb6 65. Qe4+ Kd7 66. Qh7+ Kd8 67. Qg8+ Kd7 68. Qf7+ Kd8 69. h4 Qd4 70. Qf8+
Kd7 71. Qf5+ Kd6 72. Qg6+ Kd7 73. Kh3 Qxa4 74. Qf5+ Ke7 75. h5 Qb3+ 76. g3 Qe6
77. g4 Qxf5 78. gxf5 a4 79. h6 Kf6 0-1

[Event "European Youth Chess Championship G18"]
[Site "Prague, Top Hotel Prague"]
[Date "2012.08.17"]
[Round "1.3"]
[White "Rakhmangulova, Anastasiya"]
[Black "Kaliadzich, Maryia"]
[Result "1-0"]
[WhiteElo "2234"]
[BlackElo "1915"]
[PlyCount "71"]
[EventDate "2012.08.17"]

1. e4 c5 2. Nf3 e6 3. d3 Nc6 4. g3 g6 5. Bg2 Bg7 6. O-O Nge7 7. c3 O-O 8. Re1
d6 9. Nbd2 Rb8 10. a4 a6 11. Nf1 b5 12. axb5 axb5 13. d4 b4 14. h4 h5 15. Be3
bxc3 16. bxc3 d5 17. N1d2 cxd4 18. cxd4 Nb4 19. Bf4 Rb6 20. Rc1 Nec6 21. exd5
Nxd5 22. Be5 f6 23. Nc4 fxe5 24. Nxb6 Qxb6 25. dxe5 Nxe5 26. Nxe5 Qxf2+ 27. Kh2
Bxe5 28. Rxe5 Ne3 29. Rxe3 Qxe3 30. Rc7 Qh6 31. Qe2 g5 32. hxg5 Qg6 33. Qc4 Qe8
34. g6 h4 35. g7 hxg3+ 36. Kg1 1-0

[Event "European Youth Chess Championship G18"]
[Site "Prague, Top Hotel Prague"]
[Date "2012.08.17"]
[Round "1.4"]
[White "Koselova, Zuzana"]
[Black "Foisor, Mihaela-Veronica"]
[Result "0-1"]
[WhiteElo "1912"]
[BlackElo "2220"]
[PlyCount "30"]
[EventDate "2012.08.17"]

1. e4 Nf6 2. Nc3 d5 3. exd5 Nxd5 4. d4 Nxc3 5. bxc3 c5 6. Be3 e6 7. Nf3 Nc6 8.
Bd3 Qa5 9. Bd2 Be7 10. O-O O-O 11. Ng5 Bxg5 12. Qh5 h6 13. Bxg5 c4 14. Qh3 Qxg5
15. f4 Qf6 0-1

[Event "European Youth Chess Championship G18"]
[Site "Prague, Top Hotel Prague"]
[Date "2012.08.17"]
[Round "1.5"]
[White "Petrukhina, Irina"]
[Black "Zpevakova, Jana"]
[Result "1-0"]
[WhiteElo "2212"]
[BlackElo "1901"]
[PlyCount "81"]
[EventDate "2012.08.17"]

1. d4 Nf6 2. c4 d6 3. Nf3 Nbd7 4. Nc3 e5 5. e4 Be7 6. Be2 c6 7. O-O O-O 8. Be3
Qc7 9. Rc1 a6 10. Qc2 b6 11. d5 Bb7 12. dxc6 Bxc6 13. Nd2 Rfe8 14. b4 Bf8 15.
Nd5 Qb7 16. Qd3 b5 17. cxb5 Bxb5 18. Nc4 Nxd5 19. Qxd5 Qxd5 20. exd5 f5 21.
Rfe1 Rab8 22. a3 Nf6 23. Bd1 Bxc4 24. Rxc4 Nxd5 25. Bb3 Nxe3 26. Rxe3 Kh8 27.
Rc6 Rec8 28. Rec3 Rxc6 29. Rxc6 a5 30. b5 d5 31. b6 g6 32. Bxd5 Bxa3 33. b7 Kg7
34. Rc7+ Kh6 35. Bg8 g5 36. Bxh7 f4 37. Bf5 g4 38. Bxg4 Kg6 39. Bc8 Bb4 40.
Rc6+ Kg7 41. Ra6 1-0

[Event "European Youth Chess Championship G18"]
[Site "Prague, Top Hotel Prague"]
[Date "2012.08.17"]
[Round "1.6"]
[White "Sabolova, Kristyna"]
[Black "Iwanow, Anna"]
[Result "1/2-1/2"]
[WhiteElo "1889"]
[BlackElo "2205"]
[PlyCount "118"]
[EventDate "2012.08.17"]

1. d4 g6 2. Nf3 Bg7 3. g3 c5 4. c3 cxd4 5. cxd4 d6 6. Bg2 Qb6 7. b3 Nc6 8. Bb2
Bg4 9. Nbd2 Nh6 10. O-O d5 11. h3 Be6 12. e3 Nb4 13. Qe2 Bd7 14. a4 O-O 15. Ba3
Nf5 16. Ne1 Nd6 17. Bxb4 Qxb4 18. Nd3 Qb6 19. Nc5 Bc6 20. Rab1 a5 21. Qd3 Qa7
22. Qc2 b6 23. Nd3 Rfc8 24. Qb2 e6 25. Rfc1 Rab8 26. Qa3 Bf8 27. Qa2 Ne8 28.
Ne5 Ba8 29. Qb2 f6 30. Nd3 Nc7 31. e4 dxe4 32. Bxe4 Nd5 33. Rxc8 Rxc8 34. Rc1
Re8 35. Bg2 Qd7 36. Nc4 Rd8 37. Rd1 Bb7 38. Re1 Re8 39. Qa1 Kg7 40. Qb2 Rd8 41.
Rd1 Re8 42. Ne3 g5 43. Rc1 Bd6 44. Nxd5 exd5 45. Re1 Rc8 46. Rc1 Rf8 47. Qd2 h5
48. f4 Qf5 49. Rf1 Ba6 50. Rd1 Re8 51. fxg5 fxg5 52. Kh2 h4 53. Ne5 hxg3+ 54.
Kxg3 Bxe5+ 55. dxe5 Qxe5+ 56. Kf2 Qf5+ 57. Kg1 Rf8 58. Qd4+ Rf6 59. Qxd5 Qxd5
1/2-1/2

[Event "European Youth Chess Championship G18"]
[Site "Prague, Top Hotel Prague"]
[Date "2012.08.17"]
[Round "1.7"]
[White "Shvayger, Yuliya"]
[Black "Haitovich, Avital"]
[Result "1-0"]
[WhiteElo "2202"]
[BlackElo "1874"]
[PlyCount "61"]
[EventDate "2012.08.17"]

1. e4 c5 2. Nf3 Nc6 3. Bb5 d6 4. O-O Bd7 5. c3 Nf6 6. Re1 a6 7. Bxc6 Bxc6 8. d4
Bxe4 9. Bg5 d5 10. dxc5 Qc7 11. b4 e6 12. Bxf6 gxf6 13. Nbd2 f5 14. Nd4 Rg8 15.
f3 Bd3 16. Re3 Bb5 17. Qc2 Bh6 18. Ree1 Bf4 19. Nf1 Bxf1 20. Kxf1 Bxh2 21. Nxe6
fxe6 22. Rxe6+ Kd8 23. Qxf5 Qg7 24. Re2 Kc7 25. Rae1 Rae8 26. Qxd5 Be5 27. f4
Qh6 28. Rxe5 Qh1+ 29. Kf2 Qh4+ 30. Kg1 Rd8 31. Re7+ 1-0

[Event "European Youth Chess Championship G18"]
[Site "Prague, Top Hotel Prague"]
[Date "2012.08.17"]
[Round "1.9"]
[White "Wisniowska, Klaudia"]
[Black "Grigoryan, Julieta"]
[Result "1-0"]
[WhiteElo "2181"]
[BlackElo "1838"]
[PlyCount "67"]
[EventDate "2012.08.17"]

1. e4 e6 2. d4 d5 3. Nc3 Nf6 4. e5 Nfd7 5. f4 c5 6. Nf3 Nc6 7. Be3 a6 8. Qd2 b5
9. dxc5 Bxc5 10. Bxc5 Nxc5 11. Qf2 Qb6 12. Bd3 b4 13. Ne2 a5 14. O-O Ba6 15.
Kh1 g6 16. b3 Bxd3 17. cxd3 Qb5 18. d4 Ne4 19. Qe3 O-O 20. Nd2 Nxd2 21. Qxd2
Ne7 22. Rf3 a4 23. Rg1 axb3 24. axb3 Ra7 25. Rh3 f6 26. exf6 Rxf6 27. Qe3 Nc6
28. g4 Ra2 29. Nc1 Rc2 30. f5 Nd8 31. Qe5 Rf7 32. fxg6 Rg7 33. gxh7+ Kh8 34.
Qxg7+ 1-0

[Event "European Youth Chess Championship G18"]
[Site "Prague, Top Hotel Prague"]
[Date "2012.08.17"]
[Round "1.10"]
[White "Roy, Ali"]
[Black "Efroimski, Marsel"]
[Result "1/2-1/2"]
[WhiteElo "1836"]
[BlackElo "2174"]
[PlyCount "133"]
[EventDate "2012.08.17"]

1. Nf3 d5 2. c4 e6 3. e3 Nf6 4. Nc3 c5 5. d4 Nc6 6. cxd5 exd5 7. Be2 a6 8. O-O
cxd4 9. exd4 h6 10. Re1 Be7 11. Ne5 O-O 12. Bf4 Be6 13. Rc1 Rc8 14. Na4 Nxe5
15. Rxc8 Qxc8 16. dxe5 Ne4 17. Bf3 Rd8 18. Qe2 Qc6 19. b3 Ba3 20. h3 Rc8 21.
Bxe4 dxe4 22. Nb2 Qc2 23. Nd1 Bb4 24. Qxc2 Rxc2 25. Rxe4 Bc5 26. Ne3 Rxa2 27.
b4 Ra4 28. Nc2 a5 29. Bd2 Bb3 30. Ne1 Bd5 31. Rg4 Bxb4 32. Nc2 Be6 33. Rd4 b5
34. Nxb4 axb4 35. Rxb4 Ra1+ 36. Kh2 Bc4 37. Kg3 Kf8 38. Rb2 Ke7 39. Bb4+ Ke6
40. f4 g6 41. Kf3 Bd5+ 42. Kf2 h5 43. Bc3 Bc4 44. Ke3 Rd1 45. Rd2 Re1+ 46. Kf2
Rf1+ 47. Ke3 Kf5 48. Rd6 Be6 49. Rd4 Rc1 50. Bb4 Rb1 51. Bd2 h4 52. Rb4 Rxb4
53. Bxb4 Bd5 54. Be7 Bxg2 55. Bxh4 b4 56. Be1 b3 57. Bc3 Bxh3 58. Bb2 Kg4 59.
Bc1 Kg3 60. Bb2 Kg2 61. Bc1 Kf1 62. Kd2 Be6 63. Kc3 Ke2 64. Kb2 Kd1 65. Be3 Bd5
66. Bf2 Ke2 67. Bh4 1/2-1/2

[Event "European Youth Chess Championship G18"]
[Site "Prague, Top Hotel Prague"]
[Date "2012.08.17"]
[Round "1.11"]
[White "Lach, Aleksandra"]
[Black "Drakaki, Anna-Maria"]
[Result "0-1"]
[WhiteElo "2157"]
[BlackElo "1827"]
[PlyCount "102"]
[EventDate "2012.08.17"]

1. e4 c5 2. Nf3 d6 3. d4 cxd4 4. Nxd4 Nf6 5. Nc3 a6 6. Bg5 Nbd7 7. f4 Qc7 8.
Qd2 b5 9. a3 g6 10. O-O-O Bg7 11. g4 Bb7 12. Bg2 Nb6 13. Qe2 Qc4 14. Rd3 e5 15.
Nb3 Qc7 16. Rhd1 Nc4 17. f5 O-O 18. h4 Bc6 19. Bxf6 Bxf6 20. g5 Bh8 21. fxg6
fxg6 22. Bh3 Qe7 23. Nd2 Nb6 24. Nf1 Rad8 25. Ne3 Rf4 26. Ng4 Bg7 27. Kb1 a5
28. Nd5 Bxd5 29. exd5 b4 30. Rb3 Qc7 31. h5 bxa3 32. Rxa3 Nc4 33. Ra2 Rb8 34.
hxg6 hxg6 35. Nf6+ Bxf6 36. gxf6 Rxf6 37. Qd3 Qc5 38. b3 Ne3 39. Rd2 Kg7 40.
Qa6 Rb5 41. Ra4 Nxd5 42. Rh4 Rb8 43. Qd3 Nf4 44. Qg3 a4 45. Qg5 Nxh3 46. Rxh3
axb3 47. c3 Ra8 48. Rh1 Qa3 49. Qh6+ Kf7 50. Qh7+ Ke6 51. Qh3+ Rf5 0-1

[Event "European Youth Chess Championship G18"]
[Site "Prague, Top Hotel Prague"]
[Date "2012.08.17"]
[Round "1.12"]
[White "Ljikar, Tamara"]
[Black "Severina, Maria"]
[Result "0-1"]
[WhiteElo "1821"]
[BlackElo "2147"]
[PlyCount "164"]
[EventDate "2012.08.17"]

1. e4 e5 2. Nf3 Nc6 3. Bc4 Nf6 4. d3 Be7 5. c3 O-O 6. O-O d5 7. exd5 Nxd5 8.
Re1 Bg4 9. h3 Bh5 10. Nbd2 Nb6 11. Bb5 Bd6 12. Nc4 Nxc4 13. Bxc4 Na5 14. Bb5 a6
15. Ba4 f5 16. Bg5 Bxf3 17. Qd2 Qc8 18. gxf3 f4 19. d4 exd4 20. cxd4 Nc4 21.
Bb3 b5 22. Kh2 Rf5 23. h4 h6 24. Be7 Rh5 25. Qe2 Bxe7 26. Qxe7 Qd8 27. Re4
Rxh4+ 28. Kg2 Qxe7 29. Rxe7 Rd8 30. Rxc7 Rd6 31. Rg1 Kf8 32. Bxc4 bxc4 33. Rxc4
Rh5 34. Rgc1 Rg6+ 35. Kf1 Rh1+ 36. Ke2 Re6+ 37. Kd2 Rh2 38. Rf1 g5 39. d5 Re5
40. Rd4 Ke7 41. d6+ Kd7 42. Kd3 Rh3 43. Kc4 Rxf3 44. Rh1 Re6 45. Rd2 g4 46. Rh5
Rxd6 47. Rxd6+ Kxd6 48. Rxh6+ Ke5 49. Rh2 Rh3 50. Rg2 Kf5 51. Kd4 Rh7 52. b4
Rd7+ 53. Kc3 Rc7+ 54. Kb3 Re7 55. a4 f3 56. Rg1 Re2 57. Rf1 Kf4 58. b5 a5 59.
Kc3 g3 60. fxg3+ Kxg3 61. b6 f2 62. b7 Re8 63. Kc4 Rb8 64. Rb1 Rxb7 65. Rxb7
f1=Q+ 66. Kc5 Qd1 67. Kb5 Qd5+ 68. Ka6 Kf4 69. Rb5 Qa8+ 70. Kb6 Qd8+ 71. Ka6
Ke4 72. Rxa5 Kd4 73. Rb5 Qa8+ 74. Kb6 Qxa4 75. Ra5 Qb4+ 76. Rb5 Qd6+ 77. Kb7
Qd7+ 78. Kb6 Kc4 79. Rc5+ Kb4 80. Rc6 Qd8+ 81. Rc7 Qd6+ 82. Rc6 Qb8+ 0-1

[Event "European Youth Chess Championship G18"]
[Site "Prague, Top Hotel Prague"]
[Date "2012.08.17"]
[Round "1.13"]
[White "Sviridova, Vlada"]
[Black "Malikova, Ulviyya"]
[Result "0-1"]
[WhiteElo "2132"]
[BlackElo "1810"]
[PlyCount "86"]
[EventDate "2012.08.17"]

1. d4 Nf6 2. c4 g6 3. Nc3 Bg7 4. e4 d6 5. Nf3 O-O 6. Be2 e5 7. O-O Nc6 8. d5
Ne7 9. Nd2 Nd7 10. b4 a5 11. bxa5 Rxa5 12. Nb3 Ra8 13. a4 f5 14. f3 f4 15. Ba3
b6 16. Bb4 Nc5 17. a5 g5 18. Ra2 Nxb3 19. Qxb3 bxa5 20. Bxa5 Ba6 21. c5 Bxe2
22. Nxe2 Rb8 23. Qc4 Qd7 24. Nc3 Ng6 25. c6 Qc8 26. Rc1 Rf7 27. Nb5 Bf8 28. Be1
g4 29. Na7 Qd8 30. fxg4 Qg5 31. h3 f3 32. g3 Nf4 33. gxf4 Rxf4 34. Rca1 h5 35.
Bg3 Rxg4 36. hxg4 Qxg4 37. Kh2 Bh6 38. Rg1 Be3 39. Bf2 Bf4+ 40. Kh1 Rb1 41. Bg3
Rxg1+ 42. Kxg1 Qxg3+ 43. Kf1 Be3 0-1

[Event "European Youth Chess Championship G18"]
[Site "Prague, Top Hotel Prague"]
[Date "2012.08.17"]
[Round "1.14"]
[White "Bacic, Kristina"]
[Black "Khlichkova, Tatiana"]
[Result "0-1"]
[WhiteElo "1801"]
[BlackElo "2123"]
[PlyCount "54"]
[EventDate "2012.08.17"]

1. d4 f5 2. Bg5 Nf6 3. e3 e6 4. c4 Be7 5. Nf3 O-O 6. Nc3 d6 7. Bd3 Nc6 8. a3 e5
9. d5 Nb8 10. Bxf6 Bxf6 11. e4 f4 12. b4 Nd7 13. Qb3 a5 14. Na4 Kh8 15. Kd2 c6
16. Rhc1 Nb6 17. dxc6 bxc6 18. Nc3 a4 19. Qb2 Be6 20. b5 d5 21. c5 dxe4 22.
Nxe4 Nc4+ 23. Rxc4 Bxc4 24. Nd6 Bxd3 25. Nxe5 Bxe5 26. Qxe5 Bxb5 27. Re1 Qf6
0-1

[Event "European Youth Chess Championship G18"]
[Site "Prague, Top Hotel Prague"]
[Date "2012.08.17"]
[Round "1.15"]
[White "Schulz, Anja"]
[Black "Steinhauserova, Anna"]
[Result "1-0"]
[WhiteElo "2108"]
[BlackElo "1788"]
[PlyCount "51"]
[EventDate "2012.08.17"]

1. e4 e5 2. Nf3 Nc6 3. Bb5 f5 4. Nc3 fxe4 5. Nxe4 Nf6 6. Nxf6+ Qxf6 7. Qe2 d6
8. d4 Bd7 9. dxe5 dxe5 10. Bg5 Qf5 11. Bd3 Qg4 12. h3 Qb4+ 13. c3 Qc5 14. O-O
Bd6 15. Nd2 Be7 16. Ne4 Qb6 17. Be3 Qa5 18. b4 Qd5 19. Ng5 Bxg5 20. Bxg5 Qf7
21. b5 Nd8 22. Qxe5+ Ne6 23. Qe4 c6 24. a4 a6 25. bxa6 bxa6 26. f4 1-0

[Event "European Youth Chess Championship G18"]
[Site "Prague, Top Hotel Prague"]
[Date "2012.08.17"]
[Round "1.16"]
[White "Kane, Marta"]
[Black "Kabai, Zsuzsanna"]
[Result "0-1"]
[WhiteElo "1787"]
[BlackElo "2097"]
[PlyCount "62"]
[EventDate "2012.08.17"]

1. d4 d5 2. Nf3 Nf6 3. Bf4 c5 4. c3 Nc6 5. e3 Qb6 6. Qb3 c4 7. Qxb6 axb6 8.
Nbd2 b5 9. Be2 Bf5 10. O-O b4 11. Nh4 Bd7 12. h3 h6 13. Nhf3 Bf5 14. Ne5 bxc3
15. bxc3 Ra3 16. Rfc1 e6 17. g4 Bh7 18. f3 Be7 19. Kf2 O-O 20. e4 Rfa8 21. Rab1
Nd8 22. Rb2 Rxa2 23. Rcb1 dxe4 24. Rxa2 Rxa2 25. Rg1 Nd5 26. Be3 Bh4+ 27. Rg3
Bxg3+ 28. Kxg3 Nxe3 29. Kf2 Nxg4+ 30. fxg4 Rxd2 31. Nxc4 Rc2 0-1

[Event "European Youth Chess Championship G18"]
[Site "Prague, Top Hotel Prague"]
[Date "2012.08.17"]
[Round "1.17"]
[White "Imeeva, Aisa"]
[Black "Urbonaviciute, Zivile"]
[Result "1-0"]
[WhiteElo "2095"]
[BlackElo "1763"]
[PlyCount "107"]
[EventDate "2012.08.17"]

1. e4 c5 2. Nf3 e6 3. d4 cxd4 4. Nxd4 a6 5. Nc3 Ne7 6. Be2 Nbc6 7. Nb3 Ng6 8.
O-O Be7 9. Be3 Qc7 10. f4 O-O 11. Qe1 b5 12. f5 Nge5 13. Qg3 f6 14. Bh6 g6 15.
fxg6 hxg6 16. Bh5 Qb6+ 17. Kh1 Kf7 18. Bxf8 Bxf8 19. Be2 Bb7 20. a4 b4 21. a5
Qc7 22. Na4 Bd6 23. Qf2 Be7 24. Qb6 Qxb6 25. axb6 Rb8 26. Nbc5 a5 27. c3 Bc8
28. cxb4 axb4 29. Rac1 Nd4 30. Ba6 Bxc5 31. Bxc8 Bxb6 32. Nxb6 Rxb6 33. Rcd1
Nc2 34. Rd2 Ne3 35. Rc1 N3c4 36. Rdc2 Ne3 37. Re2 N3c4 38. Bxd7 Nxb2 39. Rc7
Nbd3 40. Bb5+ Kf8 41. Bxd3 Nxd3 42. Rd2 Rd6 43. Kg1 Rd4 44. Rb7 e5 45. Ra2 Rd8
46. Ra6 Kg8 47. Rxf6 Nf4 48. g3 Nd3 49. Rxg6+ Kh8 50. h4 Rd4 51. Rc6 Rd8 52. h5
Kg8 53. h6 Kh8 54. Rcc7 1-0

[Event "European Youth Chess Championship G18"]
[Site "Prague, Top Hotel Prague"]
[Date "2012.08.17"]
[Round "1.18"]
[White "Saffova, Michaela"]
[Black "Galunova, Tsveta"]
[Result "0-1"]
[WhiteElo "1756"]
[BlackElo "2091"]
[PlyCount "60"]
[EventDate "2012.08.17"]

1. e4 e5 2. d4 exd4 3. Qxd4 Nc6 4. Qa4 Nf6 5. Bg5 Bc5 6. Be2 d6 7. h3 Bd7 8. c3
Nd4 9. Qd1 Nxe2 10. Qxe2 O-O 11. Nd2 Re8 12. O-O-O b5 13. f4 Qe7 14. Ngf3 Qe6
15. Bxf6 Qxf6 16. g3 b4 17. c4 Ba4 18. Nb3 Bxb3 19. axb3 Qg6 20. Nd2 Qxg3 21.
f5 Qe5 22. Rhe1 a5 23. Kc2 a4 24. bxa4 Rxa4 25. Ra1 Rea8 26. Rxa4 Rxa4 27. Kb3
Ra3+ 28. bxa3 Qc3+ 29. Ka4 Qxa3+ 30. Kb5 Qa8 0-1

[Event "European Youth Chess Championship G18"]
[Site "Prague, Top Hotel Prague"]
[Date "2012.08.17"]
[Round "1.19"]
[White "Gevorgyan, Maria"]
[Black "Tarmastin, Laura"]
[Result "1/2-1/2"]
[WhiteElo "2069"]
[BlackElo "1747"]
[PlyCount "122"]
[EventDate "2012.08.17"]

1. e4 e5 2. Nf3 Nc6 3. Bc4 Bc5 4. d3 Nf6 5. c3 d6 6. Bb3 h6 7. Nbd2 O-O 8. O-O
Bg4 9. h3 Be6 10. Bc2 d5 11. b4 Bd6 12. exd5 Nxd5 13. Bb2 b5 14. a3 Nb6 15. Rc1
Ne7 16. Re1 f6 17. Bb3 Qd7 18. c4 bxc4 19. dxc4 c5 20. Ne4 Bc7 21. Nxc5 Qxd1
22. Rexd1 Bf7 23. Na6 Rac8 24. Nd2 Nc6 25. a4 Nb8 26. Nxc7 Rxc7 27. a5 Nc8 28.
Ba3 Rd8 29. c5 Nc6 30. Bxf7+ Kxf7 31. b5 Nd4 32. b6 axb6 33. cxb6 Rxc1 34. Bxc1
Nb3 35. Re1 Nxa5 36. Ne4 Nxb6 37. Be3 Nac4 38. Bc5 Na4 39. Ra1 Nxc5 40. Nxc5
Nb6 41. Ra7+ Kg8 42. Rxg7+ Kxg7 43. Ne6+ Kg6 44. Nxd8 Nd5 45. g3 Nc3 46. Kg2
Ne4 47. Nc6 Nd2 48. f3 Nc4 49. g4 h5 50. Ne7+ Kg5 51. Kg3 h4+ 52. Kf2 Nd6 53.
Ke3 f5 54. Nd5 Nc4+ 55. Ke2 Nd6 56. Kd3 fxg4 57. fxg4 Kg6 58. Ne3 Kg5 59. Ng2
Ne8 60. Nxh4 Kxh4 61. Ke4 Nf6+ 1/2-1/2

[Event "European Youth Chess Championship G18"]
[Site "Prague, Top Hotel Prague"]
[Date "2012.08.17"]
[Round "1.21"]
[White "Azimova, Karina"]
[Black "Machlik, Edit"]
[Result "1-0"]
[WhiteElo "2050"]
[BlackElo "1740"]
[PlyCount "69"]
[EventDate "2012.08.17"]

1. e4 c5 2. Nc3 Nc6 3. f4 g6 4. Nf3 Bg7 5. Bb5 d6 6. O-O e6 7. d3 Nge7 8. Be3
O-O 9. Bxc6 Nxc6 10. e5 dxe5 11. Bxc5 Re8 12. fxe5 Nxe5 13. Ne4 b6 14. Ba3 Bb7
15. Nd6 Bxf3 16. Rxf3 Nxf3+ 17. Qxf3 Re7 18. Rf1 f6 19. Nf5 Rc7 20. Be7 Qd5 21.
Qg3 Rxc2 22. Nxg7 Kxg7 23. Bxf6+ Kg8 24. Bc3 Rc8 25. h3 b5 26. a3 a6 27. Rf3
Rc1+ 28. Kh2 Qc5 29. Qf4 Qc7 30. Be5 Qe7 31. Bd6 Qd7 32. Be5 Qe7 33. Bd6 Qd7
34. Be5 R1c6 35. Qf6 1-0

[Event "European Youth Chess Championship G18"]
[Site "Prague, Top Hotel Prague"]
[Date "2012.08.17"]
[Round "1.22"]
[White "Meireles, Ana"]
[Black "Tran, My Linh"]
[Result "1-0"]
[WhiteElo "1716"]
[BlackElo "2031"]
[PlyCount "119"]
[EventDate "2012.08.17"]

1. e4 e5 2. Nf3 Nc6 3. Bb5 g6 4. O-O Bg7 5. Nc3 a6 6. Bc4 d6 7. d3 Nf6 8. a4 a5
9. Bg5 h6 10. Be3 O-O 11. h3 Be6 12. Bxe6 fxe6 13. Ne2 Nh5 14. c3 g5 15. Ng3
Nf4 16. d4 Qe8 17. dxe5 Nxe5 18. Nxe5 Bxe5 19. Bd4 Ng6 20. Ne2 Rd8 21. Bxe5
dxe5 22. Qc2 Nf4 23. Rfd1 Rxd1+ 24. Qxd1 Qc6 25. Qc2 Qc5 26. Ng3 Rd8 27. Rd1
Rd6 28. Nf1 Qc4 29. Rxd6 cxd6 30. Ne3 Qc6 31. g3 Nh5 32. Qb3 Ng7 33. Qc4 Kf7
34. Qxc6 bxc6 35. Nc4 Ke7 36. Nxa5 Kd7 37. Nc4 Ne8 38. Kf1 Nc7 39. Ke2 Na6 40.
b4 Kc7 41. Ke3 Nb8 42. f4 exf4+ 43. gxf4 Nd7 44. fxg5 hxg5 45. Nd2 Ne5 46. Nf3
Nf7 47. Kd4 Kb6 48. a5+ Kb7 49. e5 dxe5+ 50. Nxe5 Nd6 51. c4 Kc7 52. Nf3 Nf7
53. b5 cxb5 54. cxb5 Kb7 55. Kc5 e5 56. Kd5 e4 57. Kxe4 Nd6+ 58. Ke5 Nxb5 59.
Nxg5 Na7 60. h4 1-0

[Event "European Youth Chess Championship G18"]
[Site "Prague, Top Hotel Prague"]
[Date "2012.08.17"]
[Round "1.23"]
[White "Neuhauser, Salome"]
[Black "Milicevic, Dajana"]
[Result "1-0"]
[WhiteElo "2026"]
[BlackElo "1684"]
[PlyCount "63"]
[EventDate "2012.08.17"]

1. e4 c5 2. Nf3 Nc6 3. Bb5 g6 4. Bxc6 dxc6 5. d3 Bg7 6. Nc3 Nf6 7. Bf4 O-O 8.
Qd2 Qa5 9. Bh6 Rd8 10. h4 c4 11. d4 Bxh6 12. Qxh6 Qh5 13. Qe3 b5 14. Ne5 Ng4
15. Nxg4 Qxg4 16. h5 g5 17. h6 f6 18. Ne2 Kh8 19. O-O-O b4 20. e5 Qe6 21. c3 a5
22. f4 g4 23. Rh5 f5 24. d5 Rxd5 25. Rxd5 Qxd5 26. e6 Bxe6 27. Nd4 Rd8 28. Qxe6
Qxe6 29. Nxe6 Rd5 30. Rg5 c5 31. Rg7 Rd3 32. Rf7 1-0

[Event "European Youth Chess Championship G18"]
[Site "Prague, Top Hotel Prague"]
[Date "2012.08.17"]
[Round "1.24"]
[White "Wladyka, Angelika"]
[Black "Turkova, Karolina"]
[Result "0-1"]
[WhiteElo "1658"]
[BlackElo "2004"]
[PlyCount "72"]
[EventDate "2012.08.17"]

1. e4 e5 2. d4 exd4 3. Qxd4 Nc6 4. Qe3 Nf6 5. Nc3 Bb4 6. Bd2 O-O 7. O-O-O Re8
8. Qg3 Rxe4 9. f3 Nh5 10. Qf2 Re5 11. h4 Bc5 12. Bg5 Bxf2 13. Bxd8 Nxd8 14. Ne4
Be3+ 15. Kb1 Nc6 16. Bc4 d6 17. Ne2 Be6 18. Bxe6 Rxe6 19. N2c3 Bb6 20. Ng5 Ree8
21. g4 Nf4 22. Nge4 Rad8 23. Nd5 Nxd5 24. Rxd5 Ne5 25. Rf1 Nxf3 26. Nc3 Nxh4
27. Rh5 Ng6 28. Rfh1 h6 29. Rf5 Re5 30. Rf3 Rde8 31. Rff1 d5 32. a3 d4 33. Na2
Re2 34. Nb4 Rg2 35. Re1 Rxe1+ 36. Rxe1 Rxg4 0-1

[Event "European Youth Chess Championship G18"]
[Site "Prague, Top Hotel Prague"]
[Date "2012.08.17"]
[Round "1.25"]
[White "Froewis, Annika"]
[Black "Corotcova, Anastasia"]
[Result "1/2-1/2"]
[WhiteElo "2000"]
[BlackElo "1655"]
[PlyCount "86"]
[EventDate "2012.08.17"]

1. e4 c5 2. Nf3 e6 3. d4 cxd4 4. Nxd4 a6 5. Nc3 Qc7 6. Be2 Nc6 7. O-O d6 8. Be3
Nf6 9. a4 Be7 10. f4 O-O 11. Kh1 d5 12. exd5 exd5 13. Bf3 Rd8 14. Nce2 Ne4 15.
c3 Na5 16. Qc2 Nc4 17. Bc1 f5 18. b3 Ncd6 19. Ba3 Bf6 20. Rac1 g6 21. Bb2 b5
22. axb5 axb5 23. Rcd1 Ra2 24. Nc1 Ra8 25. Nce2 b4 26. Rc1 Qb6 27. cxb4 Ra2 28.
Qc6 Qxc6 29. Nxc6 Rxb2 30. Nxd8 Bxd8 31. Bxe4 dxe4 32. Rfd1 Rxe2 33. Rxd6 Be7
34. Rxc8+ Kf7 35. Rd1 e3 36. h3 Rd2 37. Rcc1 Bxb4 38. Rc7+ Kf8 39. Rc8+ Kf7 40.
Re1 e2 41. Rcc1 Rb2 42. Kg1 Bxe1 43. Rxe1 Rxb3 1/2-1/2

[Event "European Youth Chess Championship G18"]
[Site "Prague, Top Hotel Prague"]
[Date "2012.08.17"]
[Round "1.26"]
[White "Cormican, Ruth"]
[Black "Skrabakova, Katarina"]
[Result "0-1"]
[WhiteElo "1654"]
[BlackElo "1989"]
[PlyCount "92"]
[EventDate "2012.08.17"]

1. e4 c5 2. c3 d6 3. d4 Nf6 4. e5 dxe5 5. dxe5 Qxd1+ 6. Kxd1 Ng4 7. Be3 e6 8.
Nf3 Nc6 9. Bb5 Nxe3+ 10. fxe3 Bd7 11. Na3 Rd8 12. Ke2 Be7 13. Bd3 O-O 14. Nc4
b5 15. Nd6 Bxd6 16. exd6 Na5 17. Rad1 Bc6 18. Rhg1 c4 19. Bc2 f6 20. b3 cxb3
21. Bxb3 Bxf3+ 22. gxf3 Kf7 23. Rg4 Rd7 24. Re4 Re8 25. c4 bxc4 26. Ba4 Red8
27. Bxd7 Rxd7 28. Red4 a6 29. e4 h6 30. f4 e5 31. fxe5 fxe5 32. Rd5 Nc6 33. Rc5
Nd4+ 34. Kf2 Ke6 35. Rxc4 Kxd6 36. Rg1 Rf7+ 37. Ke3 g5 38. Ra4 Rf3+ 39. Kd2
Rf2+ 40. Kd1 Rxh2 41. Rxa6+ Kc5 42. Re1 Nb5 43. Ra5 Kb4 44. Rxb5+ Kxb5 45. Re2
Rxe2 46. Kxe2 h5 0-1